THE DECLINE OF PUBLIC MORALS (Record no. 9709)

MARC details
000 -LEADER
fixed length control field 00325nam a2200121Ia 4500
005 - DATE AND TIME OF LATEST TRANSACTION
control field 20250409181122.0
008 - FIXED-LENGTH DATA ELEMENTS--GENERAL INFORMATION
fixed length control field 250409s9999||||xx |||||||||||||| ||und||
100 ## - MAIN ENTRY--PERSONAL NAME
Personal name GRACIOUS, CARDINAL
245 #4 - TITLE STATEMENT
Title THE DECLINE OF PUBLIC MORALS
260 ## - PUBLICATION, DISTRIBUTION, ETC.
Name of publisher, distributor, etc. PENGUIN BOOKS,
Place of publication, distribution, etc. NEW DELHI:
650 ## - SUBJECT ADDED ENTRY--TOPICAL TERM
Form subdivision English MisellaneousW ritings
942 ## - ADDED ENTRY ELEMENTS (KOHA)
Koha item type BOOK
Holdings
Withdrawn status Lost status Damaged status Not for loan Collection Home library Current library Shelving location Date acquired Total checkouts Full call number Barcode Date last seen Price effective from Koha item type
        English MisellaneousW ritings St.Dominics College Library St.Dominics College Library General Stack 04/09/2025   828 GRA 1952 04/09/2025 04/09/2025 BOOK